| 000 | 00700nam a2200253 a 4500 | ||
|---|---|---|---|
| 001 | 000020912 | ||
| 003 | DO-SdBNP | ||
| 005 | 20221202120701.0 | ||
| 007 | ta | ||
| 008 | 100823s2008 mx r 000 0 spa d | ||
| 020 | _a16832558 | ||
| 040 |
_aDO-SdBNP _bspa _cBNPHU |
||
| 082 |
_axxx _bI314 _222 |
||
| 100 | _943832 | ||
| 245 | 1 | 0 |
_aImágenes del Louvre : _bseis siglos de pintura europea |
| 246 |
_aImagen du Louvre : _bsis siecles de pinturare europeenne |
||
| 260 |
_aSanto Domingo : _bCorripio, _c2008. |
||
| 300 |
_a184 p. ; _c29 cm. |
||
| 590 | _aInventariado, 2022 / DG | ||
| 600 | 1 | 0 |
_aLENIN, VLADIMIR ILICH, _d1870-1924 _932408 |
| 830 | 0 | _943833 | |
| 910 | _aDG | ||
| 942 |
_2ddc _cLBS1 |
||
| 999 |
_c53053 _d53053 |
||